Normal view
MARC view
- Sewage
Entry Topical Term
001 - CONTROL NUMBER
- control field: 5822
003 - CONTROL NUMBER IDENTIFIER
- control field: NUST
005 - DATE AND TIME OF LATEST TRANSACTION
- control field: 20171101144938.0
008 - FIXED-LENGTH DATA ELEMENTS
- fixed length control field: 171101|| aca||aabn | a|a d
040 ## - CATALOGING SOURCE
- Original cataloging agency: NUST
- Transcribing agency: NUST
150 ## - HEADING--TOPICAL TERM
- Topical term or geographic name entry element: Sewage
- General subdivision: Purification
- General subdivision: Color removal.
670 ## - SOURCE DATA FOUND
- Source citation: Work cat.: (NUST)0: Environmental chemistry of dyes and pigments /, c1996.
